| 000 | 00416nam a22001697a 4500 | ||
|---|---|---|---|
| 003 | MPLRDC | ||
| 005 | 20220104142910.0 | ||
| 008 | 210129b ||||| |||| 00| 0 eng d | ||
| 082 | _a177 XBL c.2 | ||
| 100 | _a大卫. 奚伯雷著; 奚明远译 | ||
| 245 |
_a自私的艺术 _c |
||
| 250 | _a第一版 | ||
| 260 |
_a _b源成文化图书供应社 _c1978 |
||
| 300 | _b平 | ||
| 650 | _a | ||
| 942 |
_cBK _o177 XBL c.2 |
||
| 999 |
_c34670 _d34660 |
||